Przystanki SKM Trójmiasto w Gdańsku - Statystyki

Ogólne statystyki
  • Ten quiz został rozwiązany 46 razy
  • Średni wynik to 8 z 9
Statystyki odpowiedzi
Przystanek % Poprawnych
Gdańsk Wrzeszcz
100%
Gdańsk Główny
98%
Gdańsk Oliwa
98%
Gdańsk Śródmieście
98%
Gdańsk Stocznia
91%
Gdańsk Zaspa
86%
Gdańsk Politechnika
84%
Gdańsk Przymorze-Uniwersytet
81%
Gdańsk Żabianka-AWFiS
81%
Nie znaleziono quizów pasujących do podanych kryteriów
Rozkład punktacji
Procent ludzi z każdym wynikiem
Percentyl według liczby udzielonych odpowiedzi
Twoja historia wyników
Nie rozwiązałeś tego quizu